000 00694nam a22002057a 4500
999 _c159322
_d159322
005 20181214120254.0
010 _aENG-124529
020 _a9789351430926
_c540.00
035 _aEN-108061
037 _bDBAD/PUB.
082 _a343.052
100 _aDubey, Arvind
245 _aTaxation:
_cby Arvind Dubey
_b(direct tax) assessment year 2014-15 for CA-intermediate (IPC) may/november, 2014 examinations /
250 _a11th ed.
260 _aGurgaon
_bLexis Nexis
_c2014
270 _bGurgaon
_e122002
_a14th Floor, Building No. 10, Tower-B, DLF Cyber City, Phase-II,
300 _a630p
_c28cm.(Hb)
500 _aIt includes appendix 1
942 _2ddc
_cEN
_h343.052
_mDUB